000 00676nam a22002292 4500
001 16936
003 BD-RjUL
005 20211209000052.0
008 140215s1965 enka 001 0 eng d
035 _a(BD-RjUL)16992
040 _aIFA
_cIFA
_dUKM
_dEQO
_dBD-RjUL
_beng
041 _aeng
082 _a660.28
_bBUM
100 1 _aButtler, F. G.
_952268
245 1 2 _aA manual of applied chemistry for engineers /
_c F. G. Buttler and G. R. Cowie.
260 _aEdinburgh ;
_aLondon :
_bOliver & Boyd,
_cc1965.
300 _a238 p. :
_bill. ;
_c22 cm.
504 _aIncludes index.
650 0 _aChemistry, Technical.
_952269
700 1 _aCowie, G. R.
_952270
942 _2ddc
_cBK
999 _c16936
_d16936